00782nam a22002297a 45000010005000000030006000050050017000110080041000280200018000690400029000870500017001160820012001331000023001452450049001682500046002172600037002633000060003005050008003605200141003685210023005095210020005328473FISKH20250915114733.0250915b cb ||||| |||| 00| 0 eng d a9780439823210 aFISKHbengcFISKHdFISKH aPZ7.P75186 O a394.266 aPolacco, Patricia  aAn orange for Frankie /cBy Patricia Polacco aFirst Scholastic printing , November 2005 aNew York : bScholastic ,c2004. a48 unnumbered pages : bcolor illustrations ;c25 cm .  aR  aFrankie and his eight brothers and sisters learn lessons about giving, family, and tradition during a snowy Michigan Christmas long ago.8 a780 bLexile AD 8 aR bRaz-Plus